00318nam a2200133Ia 4500003000400000005001700004008004100021020001900062040002000081100001100101245003700112260002700149300000800176OSt20240304094125.0170524s9999 xx 000 0 und d a978-8131505632 cIIMT UNIVERSITY aKrizan 0aEffective Business Communication anew DelhibThomsc2007 a608